South Dakota's original 78 counties - Statistics

General Stats
  • This quiz has been taken 4 times
  • The average score is 36 of 78
Answer Stats
County Date Formed Dissolved % Correct
Minnehaha 1862
100%
Beadle 1879
75%
Brookings 1862
75%
Brown 1879
75%
Clark 1873
75%
Codington 1877
75%
Day 1879
75%
Deuel 1862
75%
Hamlin 1873
75%
Kingsbury 1873
75%
Pennington 1875
75%
Spink 1873
75%
Yankton 1862
75%
Aurora 1879
50%
Bon Homme 1862
50%
Brule 1875
50%
Buffalo 1873
50%
Campbell 1873
50%
Charles Mix 1862
50%
Custer 1875
50%
Davison 1873
50%
Dewey 1873
50%
Fall River 1883
50%
Grant 1873
50%
Gregory 1862
50%
Hand 1873
50%
Hanson 1871
50%
Harding 1881 1898, recreated 1909
50%
Hughes 1873
50%
Hyde 1873
50%
Jackson 1883 1909, recreated 1914
50%
Jerauld 1883
50%
Lawrence 1875
50%
Lincoln 1867
50%
Lyman 1873
50%
Marshall 1885
50%
Martin 1881 1898
50%
McCook 1873
50%
McPherson 1873
50%
Miner 1873
50%
Moody 1873
50%
Potter 1873
50%
Roberts 1883
50%
Sanborn 1883
50%
Shannon (Oglala Lakota) 1875
50%
Stanley 1873
50%
Sully 1873
50%
Todd (original) 1862 1897
50%
Union 1862
50%
Walworth 1873
50%
Washington 1883 1943
50%
Ziebach (original) 1877 1898
50%
Butte 1883
25%
Choteau 1883 1898
25%
Clay 1862
25%
Delano 1875 1898
25%
Douglas 1873
25%
Edmunds 1873
25%
Ewing 1883 1894
25%
Faulk 1873
25%
Hutchinson 1862
25%
Lake 1873
25%
Meade 1889
25%
Meyer 1873 1909
25%
Nowlin 1883 1898
25%
Pratt 1873 1909
25%
Presho 1873 1907
25%
Pyatt (Armstrong) 1883 1952
25%
Rhinehart 1883 1898
25%
Schnasse 1883 1911
25%
Scobey 1883 1898
25%
Sterling 1883 1911
25%
Tripp 1873
25%
Turner 1871
25%
Wagner 1883 1898
25%
Washabaugh 1883 1983
25%
Boreman 1873 1909
0%
Luganbeel 1875 1909
0%
No matching quizzes found
Score Distribution
Percent of People with Each Score
Percentile by Number Answered
Your Score History
You have not taken this quiz